|
|
|
|
| LEADER |
00861cam a2200253 a 4500 |
| 001 |
c000189538 |
| 003 |
CARM |
| 005 |
20051212145444.0 |
| 008 |
690520s1969 nyua 000 0 eng |
| 010 |
|
|
|a 74083273
|
| 019 |
1 |
|
|a 465388
|5 LACONCORD2021
|
| 035 |
|
|
|a (OCoLC)8023
|5 LACONCORD2021
|
| 040 |
|
|
|a LC
|b eng
|c LC
|d LC
|
| 050 |
|
4 |
|a QC311
|b .V285
|
| 050 |
0 |
0 |
|a QC311
|b .V285
|
| 082 |
0 |
4 |
|a 536/.7
|
| 100 |
1 |
|
|a Van Ness, H. C.
|q (Hendrick C.)
|
| 245 |
1 |
0 |
|a Understanding thermodynamics /
|c [by] H.C. Van Ness.
|
| 260 |
|
|
|a New York :
|b McGraw-Hill,
|c c1969.
|
| 300 |
|
|
|a 103 p. :
|b ill. ;
|c 22 cm.
|
| 650 |
|
0 |
|a Thermodynamics.
|
| 852 |
8 |
|
|b CARM
|h A2:AM31B0
|i B05842
|p 0273983
|f BK
|
| 999 |
f |
f |
|i a6d13078-086c-56c6-8b3f-db3032ea3648
|s 506d529f-6cbe-566b-93fe-07a35021576a
|
| 952 |
f |
f |
|p Can circulate
|a CAVAL
|b CAVAL
|c CAVAL
|d CARM 1 Store
|e B05842
|f A2:AM31B0
|h Other scheme
|i book
|m 0273983
|